Historia y Ciencias Sociales: 3º medio, texto para el estudiante

Guardat en:
Dades bibliogràfiques
Autors principals: Almeyda Hidalgo, Liliam (Autor), Cot Gómez, María José (Autor), Gazmuri Stein, Susana (Autor)
Altres autors: Milos Hurtado, Pedro (autor)
Format: Llibre
Idioma:espanyol
Publicat: Santiago Mare Nostrum 2007
Matèries:
Etiquetes: Afegir etiqueta
Sense etiquetes, Sigues el primer a etiquetar aquest registre!

MARC

LEADER 00000nam a2200000 a 4500
001 UCI4767
003 CL-VaPUC
008 080229e20070000CL |||||||||||||||||spa|d
020 |a 9562941558 
082 0 4 |a 900.712  |b ALM  |2 21 
100 0 |a Almeyda Hidalgo, Liliam  |e author  |9 526792 
700 0 |a Cot Gómez, María José  |e author  |9 526793 
700 0 |a Gazmuri Stein, Susana  |e author  |9 526794 
700 |a Milos Hurtado, Pedro  |e autor  |9 588895 
245 1 0 |a Historia y Ciencias Sociales: 3º medio, texto para el estudiante 
300 |a 352 p 
942 |c BK 
945 |d 20080229 00:00:00  |a jtorresc 
260 |a Santiago  |b Mare Nostrum  |c 2007 
650 0 |a Enseñanza de la historia   |9 307330 
650 0 |a Enseñanza de la geografía  |9 310005 
650 0 |a Libros de texto  |9 270019 
650 0 |a Métodos de enseñanza  |9 270413 
583 |a last modification  |c 20180314 11:02:45  |k Rodrigo Vera 
999 |c 328613  |d 328611 
952 |0 0  |1 0  |4 0  |6 900_712000000000000_ALM_2007  |7 0  |8 A  |9 412662  |a BIBHIS  |b BIBHIS  |d 2019-11-22  |i 4410378  |o 900.712 ALM 2007  |p 4410378  |r 2025-01-20  |w 2019-11-22  |y BK  |k HIS 
952 |0 0  |1 0  |4 0  |6 900_712000000000000_ALM_2007  |7 0  |8 A  |9 412663  |a BIBEDU  |b BIBEDU  |d 2019-11-22  |i 4422171  |o 900.712 ALM 2007  |p 4422171  |r 2019-11-22  |w 2019-11-22  |y BK  |k EDU 
952 |0 0  |1 0  |4 0  |6 900_712000000000000_ALM_2007  |7 0  |8 A  |9 412664  |a BIBHIS  |b BIBHIS  |d 2019-11-22  |i 4445546  |o 900.712 ALM 2007  |p 4445546  |r 2025-01-20  |w 2019-11-22  |y BK  |k HIS 
952 |0 0  |1 0  |4 0  |6 900_712000000000000_ALM_2007  |7 0  |8 A  |9 412665  |a BIBHIS  |b BIBHIS  |d 2019-11-22  |i 4453239  |o 900.712 ALM 2007  |p 4453239  |r 2025-01-20  |w 2019-11-22  |y BK  |k HIS 
952 |0 0  |1 0  |4 0  |6 900_712000000000000_ALM_2007  |7 0  |8 A  |9 412666  |a BIBHIS  |b BIBHIS  |d 2019-11-22  |i 4467515  |o 900.712 ALM 2007  |p 4467515  |r 2025-01-20  |w 2019-11-22  |y BK  |k HIS 
952 |0 0  |1 0  |4 0  |6 900_712000000000000_ALM_2007  |7 0  |8 A  |9 412667  |a BIBHIS  |b BIBHIS  |d 2019-11-22  |i 4467523  |o 900.712 ALM 2007  |p 4467523  |r 2025-01-20  |w 2019-11-22  |y BK  |k HIS 
952 |0 0  |1 0  |4 0  |6 900_712000000000000_ALM_2007  |7 0  |8 A  |9 412668  |a BIBHIS  |b BIBHIS  |d 2019-11-22  |i 4467531  |l 1  |m 1  |o 900.712 ALM 2007  |p 4467531  |r 2025-01-20  |s 2021-11-11  |w 2019-11-22  |y BK  |k HIS